00643nam a2200217Ia 4500008004100000020002200041050001500063050001800078100002800096245005700124245002800181260002200209260003800231260000900269300001600278300002000294300001100314500005100325650002200376650002700398160404s9999 xx 000 0 und d a978-971-92137-8-9 aFIL TX 911 b.R65 2007 c.1 aRoldan, Amelia Samson - aOperating & managing a hotel & restaurant business / cAmelia Samson - Roldan. aParañaque City: bSkills dev. and management serv., c2007 a308 pages : billustrations ; c25 cm. aIncludes bibliographical references and index. aHotel management. xRestaurant management.